| 000 | 00845nam a2200193Ii 4500 | ||
|---|---|---|---|
| 003 | JO-AjNU | ||
| 008 | 230605s9999||||xx |||||||||||||| ||und|| | ||
| 040 |
_aJO-AjNU _bara _erda _cJO-AjNU |
||
| 041 | _aara | ||
| 050 | 1 | 4 | _aHM22.U62. P3788 1986 |
| 100 | 3 |
_aعبد السلام، محمد عوض, _eauthor _952881 |
|
| 245 | 0 | 0 | _a الفعل الاجتماعي عند تالكسوت بارسونز : دراسة تحليلية نقدية |
| 264 | 3 | 1 | _aالقاهرة: دار المطبوعات الجديدة، 1986 |
| 300 |
_a135ص _bيحتوي على قائمة المصطلحات و ببلوغرافية من 117-135ص |
||
| 336 |
_atext _btxt _2rdacontent |
||
| 337 |
_aunmediated _bn _2rdamedia |
||
| 338 |
_avolume _bnc _2rdacarrier |
||
| 650 | 4 |
_aالمصلحون الاجتماعيون - تالكسوت بارسونز- تراجم _952882 |
|
| 999 |
_aA23451 _c27019 _d27019 |
||